Catálogo

LA CASA DEL PANE (Registro nro. 46744)

Detalles MARC
000 -LEADER
fixed length control field 01023nam a2200205 a 4500
001 - CONTROL NUMBER
control field 46744
005 - DATE AND TIME OF LATEST TRANSACTION
control field 20180714030433.0
008 - FIXED-LENGTH DATA ELEMENTS--GENERAL INFORMATION
fixed length control field 140415s1999 it 000 0 ita d
020 ## - INTERNATIONAL STANDARD BOOK NUMBER
International Standard Book Number 888302110X
041 ## - LANGUAGE CODE
Language code of text/sound track or separate title ita
082 ## - DEWEY DECIMAL CLASSIFICATION NUMBER
Classification number 195
Item number OPE
100 1# - MAIN ENTRY--PERSONAL NAME
Personal name SCIACCA, MICHELE FEDERICO, 1908-1975
245 13 - TITLE STATEMENT
Title LA CASA DEL PANE
250 ## - EDITION STATEMENT
Edition statement 1a ed.
260 ## - PUBLICATION, DISTRIBUTION, ETC.
Place of publication, distribution, etc. ITALIA :
Name of publisher, distributor, etc. LEPOS,
Date of publication, distribution, etc. 1999
300 ## - PHYSICAL DESCRIPTION
Extent
Dimensions 14.3 x 2.3 x 22.6
490 ## - SERIES STATEMENT
Series statement OPERE DI MICHELE FEDERICO SCIACCA
520 ## - SUMMARY, ETC.
Summary, etc. QUESTE PAROLE NON AMBISCONO CHE SÉ STESSE: PROPOSTE COME SONO A UN LIBRO SINGOLARMENTE ULTIM,ECCEDONO LE PROPRIE INTIME REGOLE DI DISCORSO PER COLMARE IL DIVARIO CHE HA FISSATO UN COMPIMENTONELLA INFINITA DEL PROPRIO RIPERCORRERSI FINO AL PRINCIPIO ;CHE É LA GENIATURA, TUTTA CRISTIANA, DELLA FORZA DI NASCERE ALLA PROPRIA MORTE, PROPRIA DI OGNI UOMO PERCHÉ UOMO:CHE É STATO UN MORIRE, COME QUELLO DI MICHELE FEDERICO SCIACCA, CHE HA INTERROTTO IL COMPUTO DEI PROPRI ANNI E NE HA FISSATO PE
650 14 - SUBJECT ADDED ENTRY--TOPICAL TERM
Topical term or geographic name entry element BIBLIA. N.T.
Existencias
Withdrawn status Lost status Source of classification or shelving scheme Damaged status Not for loan Collection code Home library Current library Shelving location Date acquired Source of acquisition Inventory number Total Checkouts Full call number Barcode Date last seen Price effective from Koha item type
    Dewey Decimal Classification     General Biblioteca Karol Wojtyla Biblioteca Karol Wojtyla Sala general 03/12/2013 Compra 151000000000000000062450   195 OPE 70107 05/01/2026 03/12/2013 Libro